Cities you can fly to MSP from on a map - Statistics

General Stats
  • This quiz has been taken 15 times
    6 since last reset
  • The average score is 124 of 166
Answers on the Map
Answers color-coded by a green-red scale on the quiz's map according to % correct below.
 
Answer Stats
City % Correct
Amsterdam
100%
Anchorage
100%
Austin
100%
Baltimore, MD
100%
Belize City
100%
Cancun
100%
Copenhagen
100%
Cozumel
100%
Dallas, TX
100%
Dublin
100%
Fairbanks
100%
Fort Lauderdale, FL
100%
Fort Myers
100%
Frankfurt
100%
Hartford
100%
Honolulu
100%
Houston
100%
Houston, TX
100%
Jacksonville
100%
Kansas City
100%
London
100%
Memphis
100%
Mexico City
100%
Miami
100%
Nashville, TN
100%
Nassau
100%
Newark
100%
New York
100%
Norfolk
100%
Oklahoma City
100%
Orlando
100%
Paris
100%
Puerto Vallarta
100%
Raleigh/Durham, NC
100%
Reykjavik
100%
Richmond, VA
100%
Rome
100%
San Antonio
100%
San Jose
100%
San Jose Del Cabo
100%
Sarasota, FL
100%
Seoul
100%
Tampa
100%
Tokyo
100%
Washington, DC
100%
West Palm Beach
100%
Wilmington
100%
Aberdeen
75%
Appleton
75%
Aruba
75%
Atlanta, GA
75%
Bemidji
75%
Billings
75%
Bismarck
75%
Boise, ID
75%
Boston
75%
Bozeman
75%
Buffalo, NY
75%
Burlington
75%
Calgary, AB
75%
Cedar Rapids
75%
Charleston, SC
75%
Chicago
75%
Cincinnati, OH
75%
Clearwater
75%
Cleveland
75%
Colorado Springs
75%
Columbus
75%
Denver
75%
Des Moines, IA
75%
Destin
75%
Detroit, MI
75%
Duluth
75%
Edmonton, AB
75%
Fargo
75%
Fayetteville, AR
75%
Grand Forks
75%
Grand Rapids
75%
Green Bay
75%
Gulfport
75%
Harlingen
75%
Indianapolis, IN
75%
International Falls
75%
Knoxville
75%
Lansing
75%
Las Vegas
75%
Liberia
75%
Los Angeles
75%
Louisville, KY
75%
Madison
75%
Mazatlan
75%
Mesa, AZ
75%
Milwaukee
75%
Minot
75%
Missoula
75%
Montego Bay
75%
Myrtle Beach
75%
New Orleans
75%
Omaha
75%
Palm Springs
75%
Philadelphia
75%
Phoenix
75%
Portland, OR
75%
Providence
75%
Punta Gorda
75%
Rapid City
75%
Reno, NV
75%
Roatan
75%
Rochester
75%
Sacramento, CA
75%
Salt Lake City, UT
75%
San Diego
75%
San Francisco, CA
75%
Saskatoon
75%
Savannah
75%
Seattle, WA
75%
Sioux Falls
75%
South Bend
75%
Spokane
75%
St Louis
75%
Syracuse
75%
Toronto
75%
Tucson, AZ
75%
Tulum
75%
Vancouver
75%
Wausau
75%
Wichita
75%
Winnipeg
75%
Albuquerque
50%
Augusta
50%
Brainerd, MN
50%
Charlotte, NC
50%
Fort Wayne
50%
Iron Mountain
50%
Ironwood
50%
Kalispell, MT
50%
Marquette
50%
Montreal
50%
Pittsburgh, PA
50%
Regina, SK
50%
San Juan
50%
Santa Ana, CA
50%
Sault Ste Marie
50%
Traverse City
50%
Vail/Eagle
50%
Watertown
50%
Williston
50%
Charlotte Amalie, St Thomas
25%
Chisholm
25%
Escanaba
25%
Fletcher
25%
Georgetown
25%
Hayden
25%
Higuey
25%
Ixtapa/Zihuatanejo
25%
Jackson Hole
25%
Pasco, WA
25%
Philipsburg, St. Maarten
25%
Portland, ME
25%
Providenciales
25%
Rhinelander
25%
Thief River Falls
25%
White Plains
25%
No matching quizzes found
Score Distribution
Percent of People with Each Score
Percentile by Number Answered
Your Score History
You have not taken this quiz since the last reset